000 00547cam a22001457a 4500
008 180718b1963 xxu||||| |||| 00| 0 eng d
082 _aP64x54 In2
100 _aIndia. Expert Committee on Correspondence Courses and Evening Colleges
245 _aReport of the Expert Committee on Correspondence Courses and Evening Colleges
_cby Ministry of Education
260 _aDelhi
_bThe Manager of Publications
_c1963
300 _a18+p.
500 _aChairman: D.S. Kothari
700 _aIndia. Ministry of Education
700 _aKothari, D.S. (Chairman)
999 _c489451
_d489451